Mercadotecnia en línea para Pymes (Registro nro. 2126)

Detalles MARC
000 -Cabecera
Campo de control de longitud fija 01226aam a2200409 4500
005 - Fecha y hora de la última transacción
Campo de control 20260119180636.0
008 - Elementos de longitud fija--Información general
Campo de control de longitud fija 150311b2006 xxu||||| |||| 00| 0 spa d
020 ## - International Standard Book Number
Número Internacional Estándar del Libro (ISBN) 9702406226
041 ## - Idioma
Código de idioma
082 ## - Clasificación Decimal Dewey
Número de clasificación 658.872 B513m
100 ## - Entrada principal--Autor personal
Nombre personal Berkley, Holly
9 (RLIN) 18397
245 ## - Título propiamente dicho
Título Mercadotecnia en línea para Pymes
260 ## - Pie de imprenta
Lugar de publicación, distribución, etc. México
260 ## - Pie de imprenta
Nombre del editor, distribuidor, etc. Patria Cultural
260 ## - Pie de imprenta
Fecha de publicación, distribución, etc. 2006
300 ## - Descripción física
Extensión 190 páginas
490 ## - Serie
Título de la Serie Dirección y Administración de Empresas
650 ## - Materia general
Temática (materia general) TELEMERCADEO Y MERCADEO DIRECTO
650 ## - Materia general
Temática (materia general) MERCADOTECNIA EN LÍNEA
650 ## - Materia general
Temática (materia general) PYMES
650 ## - Materia general
Temática (materia general) PÚBLICO OBJETIVO
650 ## - Materia general
Temática (materia general) CARACTERÍSTICAS DE SU CLIENTE IDEAL
650 ## - Materia general
Temática (materia general) PUBLICIDAD GRATUITA
650 ## - Materia general
Temática (materia general) PUBLICIDAD GRATUITA
650 ## - Materia general
Temática (materia general) TRUEQUES PUBLICITARIOS
650 ## - Materia general
Temática (materia general) MERCADOTECNIA POR CORREO ELECTRÓNICO
650 ## - Materia general
Temática (materia general) MERCADOTECNIA ORIENTADA A METAS
650 ## - Materia general
Temática (materia general) DESARROLLO DE UNA COMUNIDAD VIRTUAL
650 ## - Materia general
Temática (materia general) COMUNIDAD VIRTUAL
650 ## - Materia general
Temática (materia general) ESTRATEGIAS DE PUBLICIDAD COMPARTIDA
650 ## - Materia general
Temática (materia general) BUSCADORES
650 ## - Materia general
Temática (materia general) ANUNCIOS EN BANNER
650 ## - Materia general
Temática (materia general) ELEMENTOS BÁSICOS DEL DISEÑO DE WEB
650 ## - Materia general
Temática (materia general) DISEÑADOR WEB
650 ## - Materia general
Temática (materia general) EL PODER DE LA RED
942 ## - Punto de acceso adicional KOHA
Tipo de ítem KOHA Libro
Fuente del sistema de clasificación o colocación Dewey Decimal Classification
Existencias
Signatura completa Código de barras Programa Académico Tipo de ítem
658.872 B513m 12860 Dirección y Administración de Empresas Libro